War Despatches 1971 / (Record no. 206886)

MARC details
000 -LEADER
fixed length control field 00601nam a22001937a 4500
005 - DATE AND TIME OF LATEST TRANSACTION
control field 20241104172737.0
010 ## - LCCN (DPL NO)
LC control number ENG-142493
020 ## - INTERNATIONAL STANDARD BOOK NUMBER
International Standard Book Number 9789392209123
Terms of availability 899.00
035 ## - SYSTEM CONTROL NUMBER
System control number EN-126025
037 ## - SOURCE OF ACQUISITION
Source of stock number/acquisition DBAD
082 ## - DEWEY DECIMAL CLASSIFICATION NUMBER
Classification number 954.92051
245 ## - TITLE STATEMENT
Title War Despatches 1971 /
Statement of responsibility, etc Edited By B.S Mehta
250 ## - EDITION STATEMENT
Edition statement 1
260 ## - PUBLICATION, DISTRIBUTION, ETC. (IMPRINT)
Place of publication, distribution, etc Noida
Name of publisher, distributor, etc BluOne India LLP
Date of publication, distribution, etc 2022
270 ## - ADDRESS
Address 306, Tower-I, Assotech Busness Cresterra, Plot No. 22, Sector 135
City Noida
Electronic mail address publisher@bluone.ink
300 ## - PHYSICAL DESCRIPTION
Extent 368p.
Dimensions 24cm(hb)
Other physical details Index
700 ## - ADDED ENTRY--PERSONAL NAME
Personal name Mehta, B.S
Relator term Editor
9 (RLIN) 73683
942 ## - ADDED ENTRY ELEMENTS (KOHA)
Source of classification or shelving scheme Dewey Decimal Classification
Item type English Books
Call number suffix WAR
Classification part 954.92051
Holdings
Withdrawn status Lost status Not for loan Collection code Home library Current library Date acquired Source of acquisition Cost, normal purchase price Full call number Barcode Copy number Cost, replacement price Koha item type
      Non-fiction Kadipur Kadipur 04/11/2024 Delivery of Books Act Division 899.00 WAR 954.92051 EN-126025 1 899.00 English Books

© Delhi Public Library
Hit Counter
free hit counter